ECG / (Record no. 172565)

MARC details
000 -LEADER
campo de control de longitud fija 00857nam a2200241 i 4500
001 - NÚMERO DE CONTROL
campo de control 172565
003 - IDENTIFICADOR DE NÚMERO DE CONTROL
campo de control ES-MaACL
005 - FECHA Y HORA DE LA ÚLTIMA TRANSACCIÓN
campo de control 20230906214945.0
008 - DATOS DE LONGITUD FIJA--INFORMACIÓN GENERAL
campo de control de longitud fija 090720s2001 fr |||| | fre d
020 ## - NÚMERO INTERNACIONAL ESTÁNDAR DEL LIBRO
Número Internacional Estándar del Libro 2-224-02627-7
080 ## - NÚMERO DE LA CLASIFICACIÓN DECIMAL UNIVERSAL
Número de la Clasificación Decimal Universal 616.12-073.7
100 1# - ENTRADA PRINCIPAL--NOMBRE DE PERSONA
Nombre de persona Hamm, Christian W.
9 (RLIN) 141105
245 10 - MENCIÓN DEL TÍTULO
Título ECG /
Mención de responsabilidad, etc. Christian W. Hamm, Stephan Willems ; avec la collaboration de Stephan Baldus, [et al.] ; préface de Thomas Meinertz.
260 ## - PUBLICACIÓN, DISTRIBUCIÓN, ETC.
Lugar de publicación, distribución, etc. Paris :
Nombre del editor, distribuidor, etc. Maloine,
Fecha de publicación, distribución, etc. 2001.
300 ## - DESCRIPCIÓN FÍSICA
Extensión XI, 288 p. :
Otras características físicas il., gráf. ;
Dimensiones 19 cm.
490 1# - MENCIÓN DE SERIE
Mención de serie Checklists de médecine
594 ## - Nota al título y mención de responsabilidad
Nota al título y mención de responsabilidad ECG = électrocardiogramme.
650 #4 - PUNTO DE ACCESO ADICIONAL DE MATERIA--TÉRMINO DE MATERIA
Término de materia o nombre geográfico como elemento de entrada Electrocardiografía.
9 (RLIN) 140101
700 1# - ENTRADA AGREGADA--NOMBRE PERSONAL
Nombre de persona Willems, Stephan.
9 (RLIN) 141106
830 0# - PUNTO DE ACCESO ADICIONAL DE SERIE-TÍTULO UNIFORME
Título uniforme Checklists de médecine
9 (RLIN) 189093
852 4# - LOCALIZACIÓN
Ubicación ES-MaACL
Número de control de estantería E-12873
itemnumber R.139430
Nota libre . - Biblioteca Jacinto Martínez Lacalle
Holdings
Estatus retirado Estado de pérdida Estado de daño No para préstamo Biblioteca de origen Biblioteca actual Ubicación en estantería Fecha de adquisición Fuente de adquisición Total de préstamos Signatura topográfica completa Código de barras Visto por última vez Precio de reemplazo Tipo de ítem Koha
        Biblioteca del Ateneo de Madrid Biblioteca del Ateneo de Madrid Depósito 2 20/07/2009     E-12873 1181092 23/02/2023 23/02/2023 Libro impreso